[Event "Wch U12"]
[Site "Batumi"]
[Date "2016.10.24"]
[Round "6"]
[White "Biletskiy, Danylo"]
[Black "Ayoub, Georges Gaspard"]
[Result "1-0"]
[WhiteElo "1922"]
[BlackElo "1674"]
[PlyCount "38"]
[EventDate "2016.10.19"]
[EventType "swiss"]
[EventRounds "11"]
[EventCountry "GEO"]
[SourceTitle "EXT 2018"]
[Source "ChessBase"]
[SourceDate "2017.10.13"]
[SourceVersion "1"]
[SourceVersionDate "2017.10.13"]
[SourceQuality "1"]

1. Nf3 Nf6 2. c4 b6 3. g3 e6 4. Bg2 Bb7 5. 0-0 Be7 6. Nc3 0-0 7. Re1 d5 8. cxd5 Nxd5 9. e4 Nb4 10. d4 c5 11. a3 cxd4 12. Nxd4 N4c6 13. Be3 Bf6 14. Ndb5 Qe7 15. Qd6 Nd7 16. Rad1 Rfd8 17. Qxe7 Bxe7 18. Nd6 Ba6 19. e5 Rdb8 1-0